| 000 | 00557nam a2200217Ia 4500 | ||
|---|---|---|---|
| 001 | 4188 | ||
| 003 | GE_BSU | ||
| 008 | 181216s||||||||xx |||||||||||||| ||und|| | ||
| 040 | _cGE_BSU | ||
| 080 | _a624.952 | ||
| 100 | _aВеревкин,С.И. Корчагин,В.А. | ||
| 245 | _aГазгольдеры. | ||
| 245 | _cРед. научный В.Н.Зелятров. | ||
| 260 | _aм. | ||
| 260 | _bСтройиздат. | ||
| 260 | _c1966. | ||
| 300 | _a238стр.19см. | ||
| 300 | _eтабл. | ||
| 653 | _aГазгольдеры. | ||
| 942 | _cBK | ||
| 999 |
_c38198 _d38198 |
||